Statistiques concernant La Bonne Lettre - Culture Générale

Cliquez ici pour prendre le quiz!

Statistiques générales

  • Ce quiz a été pris 1 448 fois
  • Le résultat moyen est 6 sur 10

Réponses sur la Carte

Les réponses sont colorées sur une échelle allant du rouge au vert en fonction du pourcentage des utilisateurs qui les ont devinées à leur premier essai. Vous pouvez retrouver ces pourcentages ci-dessous.
 

Statistiques - réponses

Réponse% Correct
50 pour les Romains
82%
Série TV avec Éric et Ramzy
75%
Immatriculation allemande
72%
Potassium
67%
Vaut 8 points au Scrabble
65%
Absente de La Disparition de G. Pérec
64%
Boss de James Bond
60%
Célèbre langage de programmation
53%
Débute l'hymne canadien
51%
Commune de la Somme
44%

Distribution des résultats

Percentile par nombre de réponses

% des personnes avec chaque résultat

Votre développement - résultats

Vous n’avez pas pris ce quiz